[Event "Syre Memorial op 15th"]
[Site "Issy les Moulineaux"]
[Date "1992.05.??"]
[Round "?"]
[White "Avshalumov, Alex"]
[Black "Primel, Dominique"]
[Result "1-0"]
[WhiteElo "2475"]
[BlackElo "2010"]
[PlyCount "43"]
[EventDate "1992.04.??"]
[EventType "swiss"]
[EventRounds "6"]
[EventCountry "FRA"]
[SourceTitle "EXT 2007"]
[Source "ChessBase"]
[SourceDate "2006.11.23"]
[SourceVersion "1"]
[SourceVersionDate "2006.11.23"]
[SourceQuality "1"]

1. d4 Nf6 2. c4 e6 3. Nc3 Bb4 4. Qc2 0-0 5. Bg5 c5 6. e3 h6 7. Bh4 b6 8. dxc5 Bxc5 9. Nf3 Bb7 10. Be2 d6 11. 0-0 Nbd7 12. Rfd1 a6 13. a3 a5 14. Rab1 a4 15. Nxa4 Be4 16. Bd3 Bxf3 17. gxf3 d5 18. cxd5 exd5 19. Nc3 Ne5 20. Be2 g5 21. Bg3 Ng6 22. Qf5 1-0

[Event "Nimes op"]
[Site "Nimes"]
[Date "1991.??.??"]
[Round "8"]
[White "Avshalumov, Alex"]
[Black "Palac, Mladen"]
[Result "0-1"]
[WhiteElo "2475"]
[BlackElo "2475"]
[PlyCount "80"]
[EventDate "1991.04.??"]
[EventType "swiss"]
[EventRounds "9"]
[EventCountry "FRA"]
[SourceTitle "EXT 1997"]
[Source "ChessBase"]
[SourceDate "1996.11.15"]
[SourceVersion "1"]
[SourceVersionDate "1996.11.15"]
[SourceQuality "1"]

1. d4 d5 2. c4 e6 3. Nc3 Bb4 4. Nf3 Nf6 5. Bg5 Nbd7 6. cxd5 exd5 7. e3 c5 8. Bb5 Qa5 9. Bxf6 Qxb5 10. Bxg7 Rg8 11. Be5 Rxg2 12. Bg3 Nf6 13. Nh4 Bg4 14. Qc2 cxd4 15. exd4 Rc8 16. a4 Rxc3 17. axb5 Rxc2+ 18. Kf1 Rxg3 19. hxg3 Ne4 20. Rh2 Nxg3+ 21. Kg2 Ne2 22. Rxa7 Bd6 23. Rh1 Nf4+ 24. Kg3 h5 25. Nf3 Nd3+ 26. Ne5 Nxe5 27. Re1 Kf8 28. dxe5 Bc5 29. Ra8+ Kg7 30. Rf1 Rxb2 31. f3 Be6 32. f4 Bf5 33. Rb8 b6 34. Kh4 Rg2 35. Rb7 Kg6 36. Rf3 Rg4+ 37. Kh3 Rxf4+ 38. Kg3 Rg4+ 39. Kh2 Bg1+ 40. Kh1 Be4 0-1

[Event "Strasbourg op"]
[Site "Strasbourg"]
[Date "1991.??.??"]
[Round "7"]
[White "Avshalumov, Alex"]
[Black "Rawski, Slawomir"]
[Result "1-0"]
[WhiteElo "2475"]
[BlackElo "2275"]
[PlyCount "51"]
[EventDate "1991.??.??"]
[EventType "swiss"]
[EventRounds "9"]
[EventCountry "FRA"]
[SourceTitle "EXT 1997"]
[Source "ChessBase"]
[SourceDate "1996.11.15"]
[SourceVersion "1"]
[SourceVersionDate "1996.11.15"]
[SourceQuality "1"]

1. d4 Nf6 2. c4 e6 3. Nf3 d5 4. Nc3 c6 5. Bg5 Nbd7 6. e3 Be7 7. Rc1 0-0 8. Bd3 Re8 9. 0-0 Bd6 10. Qc2 h6 11. Bh4 Qa5 12. a3 dxc4 13. Bxc4 Qh5 14. Be2 Qa5 15. Bc4 Qh5 16. Bg3 Bxg3 17. fxg3 c5 18. Nb5 Rf8 19. h3 cxd4 20. exd4 Nb6 21. g4 Nxg4 22. hxg4 Qxg4 23. Ne5 Qh4 24. Bd3 g5 25. Bh7+ Kg7 26. Rxf7+ 1-0

[Event "Strasbourg op"]
[Site "Strasbourg"]
[Date "1991.??.??"]
[Round "5"]
[White "Avshalumov, Alex"]
[Black "Schoenau, Helmut"]
[Result "1-0"]
[WhiteElo "2475"]
[BlackElo "1935"]
[PlyCount "41"]
[EventDate "1991.??.??"]
[EventType "swiss"]
[EventRounds "9"]
[EventCountry "FRA"]
[SourceTitle "EXT 1997"]
[Source "ChessBase"]
[SourceDate "1996.11.15"]
[SourceVersion "1"]
[SourceVersionDate "1996.11.15"]
[SourceQuality "1"]

1. d4 Nf6 2. c4 e6 3. Nf3 d5 4. Nc3 c6 5. Bg5 Nbd7 6. e3 Qa5 7. cxd5 Nxd5 8. Qd2 Nxc3 9. bxc3 b6 10. Bd3 Ba6 11. 0-0 Bxd3 12. Qxd3 Bd6 13. e4 0-0 14. a4 h6 15. e5 f6 16. Bxh6 Be7 17. Rfe1 gxh6 18. Qg6+ Kh8 19. Qxh6+ Kg8 20. Qg6+ Kh8 21. Re3 1-0

[Event "Strasbourg op"]
[Site "Strasbourg"]
[Date "1991.??.??"]
[Round "2"]
[White "Jensen, Ji"]
[Black "Avshalumov, Alex"]
[Result "0-1"]
[WhiteElo "1890"]
[BlackElo "2475"]
[PlyCount "106"]
[EventDate "1991.??.??"]
[EventType "swiss"]
[EventRounds "9"]
[EventCountry "FRA"]
[SourceTitle "EXT 1997"]
[Source "ChessBase"]
[SourceDate "1996.11.15"]
[SourceVersion "1"]
[SourceVersionDate "1996.11.15"]
[SourceQuality "1"]

1. e4 c5 2. c3 d5 3. exd5 Qxd5 4. d4 Nf6 5. Nf3 Bg4 6. Be2 e6 7. 0-0 cxd4 8. Nxd4 Bxe2 9. Qxe2 a6 10. Be3 Nbd7 11. Rd1 Rc8 12. Nd2 Be7 13. h3 0-0 14. N2f3 h6 15. Bf4 Qh5 16. Rd2 Nc5 17. Rad1 Nce4 18. Rd3 Nc5 19. R3d2 Rfe8 20. Qe5 Qxe5 21. Nxe5 Nd5 22. Bg3 Na4 23. Ndf3 b5 24. Re1 Bc5 25. Nd3 Bb6 26. Be5 f6 27. Bg3 g5 28. a3 Rcd8 29. Kf1 Kf7 30. Rc1 Rc8 31. Rcd1 Red8 32. Nfe1 a5 33. Nf3 Ne7 34. Nde1 e5 35. h4 g4 36. Nh2 h5 37. Ke2 Ke6 38. Nf1 Rxd2+ 39. Rxd2 Nf5 40. Nd3 Rd8 41. Kd1 Rc8 42. Re2 Kf7 43. f4 e4 44. Nf2 e3 45. Nd3 Rd8 46. Kc2 Nc5 47. Nxc5 Bxc5 48. Be1 a4 49. Ng3 Nxg3 50. Bxg3 Kg6 51. c4 bxc4 52. Kc3 Kf5 53. Kxc4 Rd2 0-1

[Event "Budapest"]
[Site "Budapest"]
[Date "1990.??.??"]
[Round "6"]
[White "Avshalumov, Alex"]
[Black "Horvath, Csaba"]
[Result "1/2-1/2"]
[WhiteElo "2450"]
[BlackElo "2460"]
[PlyCount "43"]
[EventDate "1990.06.??"]
[EventType "tourn"]
[EventRounds "13"]
[EventCountry "HUN"]
[EventCategory "8"]
[SourceTitle "EXT 1997"]
[Source "ChessBase"]
[SourceDate "1996.11.15"]
[SourceVersion "1"]
[SourceVersionDate "1996.11.15"]
[SourceQuality "1"]

1. d4 d5 2. c4 c6 3. Nf3 Nf6 4. Nc3 dxc4 5. a4 Bf5 6. e3 e6 7. a5 Bb4 8. Qa4 Bd6 9. Nd2 Be7 10. Nxc4 0-0 11. Be2 Nbd7 12. Qb3 b5 13. axb6 axb6 14. Rxa8 Qxa8 15. 0-0 b5 16. Nd2 e5 17. Bf3 Qa6 18. Nce4 exd4 19. exd4 Qb6 20. Ng3 Be6 21. Qc3 c5 22. dxc5 1/2-1/2

[Event "Toulouse op"]
[Site "Toulouse"]
[Date "1990.??.??"]
[Round "6"]
[White "Avshalumov, Alex"]
[Black "Schulz, Klaus Juergen"]
[Result "0-1"]
[WhiteElo "2450"]
[BlackElo "2380"]
[PlyCount "100"]
[EventDate "1990.??.??"]
[EventType "swiss"]
[EventRounds "9"]
[EventCountry "FRA"]
[SourceTitle "EXT 1997"]
[Source "ChessBase"]
[SourceDate "1996.11.15"]
[SourceVersion "1"]
[SourceVersionDate "1996.11.15"]
[SourceQuality "1"]

1. c4 c5 2. Nf3 Nf6 3. g3 d5 4. Bg2 Nc6 5. 0-0 e5 6. d3 Be7 7. Bg5 d4 8. e3 dxe3 9. fxe3 e4 10. dxe4 Qxd1 11. Rxd1 Nxe4 12. Bxe7 Kxe7 13. Nfd2 Nxd2 14. Rxd2 Be6 15. Bd5 Rad8 16. Kg2 Ne5 17. b3 Bxd5+ 18. cxd5 b6 19. Nc3 Rhe8 20. h3 Kd7 21. g4 f6 22. e4 Nf7 23. Re1 Re5 24. Rde2 Rde8 25. Nd1 Nd6 26. Nf2 g6 27. Re3 f5 28. Kf3 fxe4+ 29. Nxe4 Nxe4 30. Rxe4 Kd6 31. Rxe5 Rxe5 32. Rf1 b5 33. Kg3 c4 34. bxc4 bxc4 35. Rf7 c3 36. Rf3 c2 37. Rf1 Rxd5 38. Rc1 Rd2 39. Kf4 Kd5 40. Ke3 Rh2 41. Kd3 Ke5 42. a4 Kf4 43. Rg1 h6 44. Kc3 Rxh3+ 45. Kb2 Rd3 46. Rf1+ Kxg4 47. Rf6 Kg5 48. Rf7 a6 49. Kxc2 Rd6 50. a5 Rd5 0-1

[Event "Budapest"]
[Site "Budapest"]
[Date "1990.??.??"]
[Round "10"]
[White "Avshalumov, Alex"]
[Black "Szekely, Peter"]
[Result "1/2-1/2"]
[WhiteElo "2450"]
[BlackElo "2420"]
[PlyCount "51"]
[EventDate "1990.06.??"]
[EventType "tourn"]
[EventRounds "13"]
[EventCountry "HUN"]
[EventCategory "8"]
[SourceTitle "EXT 1997"]
[Source "ChessBase"]
[SourceDate "1996.11.15"]
[SourceVersion "1"]
[SourceVersionDate "1996.11.15"]
[SourceQuality "1"]

1. d4 Nf6 2. c4 g6 3. Nc3 Bg7 4. e4 d6 5. f4 0-0 6. Nf3 c5 7. d5 e6 8. Be2 exd5 9. cxd5 Re8 10. Nd2 a6 11. a4 Ng4 12. Bxg4 Qh4+ 13. g3 Qxg4 14. Qxg4 Bxg4 15. Kf2 Nd7 16. h3 Bd4+ 17. Kg2 Bxc3 18. bxc3 Be2 19. Re1 Bd3 20. Re3 c4 21. Ba3 Nb6 22. Rae1 Nxa4 23. Bxd6 Nxc3 24. Be5 Rxe5 25. fxe5 b5 26. Rf3 1/2-1/2

[Event "Chartres op"]
[Site "Chartres"]
[Date "1990.??.??"]
[Round "2"]
[White "Dubois, Martine"]
[Black "Avshalumov, Alex"]
[Result "0-1"]
[WhiteElo "2055"]
[BlackElo "2450"]
[PlyCount "108"]
[EventDate "1990.??.??"]
[EventType "swiss"]
[EventRounds "7"]
[EventCountry "FRA"]
[SourceTitle "EXT 1997"]
[Source "ChessBase"]
[SourceDate "1996.11.15"]
[SourceVersion "1"]
[SourceVersionDate "1996.11.15"]
[SourceQuality "1"]

1. e4 c5 2. c3 d5 3. exd5 Qxd5 4. d4 Nf6 5. Nf3 Bg4 6. Be2 e6 7. 0-0 Nc6 8. h3 Bh5 9. Na3 a6 10. Nc2 Rd8 11. Be3 Ne4 12. Re1 Be7 13. dxc5 Bxc5 14. Qxd5 Rxd5 15. Rad1 Rxd1 16. Bxd1 Bxe3 17. Rxe3 Nc5 18. Nce1 Ke7 19. Bc2 Rd8 20. Kf1 Bg6 21. Bxg6 hxg6 22. Ke2 f6 23. Nd3 Na4 24. Re4 b5 25. Nd4 Nxd4+ 26. Rxd4 Rc8 27. f4 Nb6 28. Ne1 Nd5 29. a4 bxa4 30. Rxa4 Rxc3 31. Kd2 Rb3 32. Nd3 Rb6 33. g4 Kd6 34. Kc2 g5 35. fxg5 fxg5 36. Re4 Rb5 37. b4 e5 38. Kb3 Nf4 39. Re3 Nxd3 40. Rxd3+ Rd5 41. Re3 Rd4 42. Kc3 Kd5 43. Rf3 Rc4+ 44. Kb3 Rf4 45. Rd3+ Ke4 46. Kc4 Rf6 47. Rd5 Kf4 48. Kc5 e4 49. Kd4 e3 50. Kd3 Kf3 51. Re5 Rd6+ 52. Kc3 e2 53. Rf5+ Ke4 54. Rf7 e1Q+ 0-1

[Event "Luxembourg op 29th"]
[Site "Luxembourg"]
[Date "1990.??.??"]
[Round "7"]
[White "Jansa, Vlastimil"]
[Black "Avshalumov, Alex"]
[Result "1-0"]
[WhiteElo "2475"]
[BlackElo "2450"]
[PlyCount "134"]
[EventDate "1990.06.??"]
[EventType "swiss"]
[EventRounds "9"]
[EventCountry "LUX"]
[SourceTitle "EXT 1997"]
[Source "ChessBase"]
[SourceDate "1996.11.15"]
[SourceVersion "1"]
[SourceVersionDate "1996.11.15"]
[SourceQuality "1"]

1. e4 c5 2. Nf3 Nc6 3. d4 cxd4 4. Nxd4 Qb6 5. Nb3 Nf6 6. Nc3 e6 7. Bd3 Be7 8. 0-0 a6 9. Qe2 Qc7 10. Bg5 b5 11. Rae1 b4 12. Nd1 0-0 13. f4 g6 14. Ne3 a5 15. Qf2 Ba6 16. Qh4 Qd8 17. e5 Nh5 18. Bxa6 Rxa6 19. Nc5 Ra7 20. Bxe7 Qxe7 21. Qxe7 Nxe7 22. g4 Ng7 23. Rd1 Rd8 24. Rd2 g5 25. fxg5 Ng6 26. Nd3 d6 27. exd6 Rxd6 28. Re2 Rd4 29. h3 a4 30. b3 axb3 31. axb3 Ra5 32. Nc4 Rxg5 33. Nxb4 Nf4 34. Rh2 Nf5 35. Nc6 Re4 36. Nd2 Ne2+ 37. Kf2 Rf4+ 38. Kxe2 Ng3+ 39. Ke1 Nxf1 40. Nxf1 Rc5 41. Nb8 Rb5 42. Nd7 f6 43. Nd2 Rd5 44. Nb6 Rb5 45. Nbc4 Kg7 46. Re2 f5 47. Re5 Rb8 48. gxf5 exf5 49. Ke2 Kf6 50. Nf3 Re4+ 51. Rxe4 fxe4 52. Nfd2 Kg5 53. Nxe4+ Kh4 54. Nf2 Re8+ 55. Ne3 Kg3 56. b4 Kf4 57. Nd3+ Kg3 58. c4 Kxh3 59. Kf3 Rf8+ 60. Nf4+ Kh4 61. c5 Kg5 62. Ned5 Kf5 63. b5 Ke5 64. b6 Rb8 65. Nb4 Rb7 66. Nc6+ Kf5 67. Na5 Rb8 1-0

[Event "Budapest"]
[Site "Budapest"]
[Date "1990.??.??"]
[Round "1"]
[White "Lukacs, Peter"]
[Black "Avshalumov, Alex"]
[Result "1/2-1/2"]
[WhiteElo "2505"]
[BlackElo "2450"]
[PlyCount "26"]
[EventDate "1990.06.??"]
[EventType "tourn"]
[EventRounds "13"]
[EventCountry "HUN"]
[EventCategory "8"]
[SourceTitle "EXT 1997"]
[Source "ChessBase"]
[SourceDate "1996.11.15"]
[SourceVersion "1"]
[SourceVersionDate "1996.11.15"]
[SourceQuality "1"]

1. d4 f5 2. g3 Nf6 3. Bg2 d6 4. Nf3 g6 5. 0-0 Bg7 6. c4 0-0 7. Nc3 Nc6 8. d5 Ne5 9. Nxe5 dxe5 10. Qb3 h6 11. c5 Kh8 12. Rd1 g5 13. Bd2 e4 1/2-1/2

[Event "Luxembourg op 29th"]
[Site "Luxembourg"]
[Date "1990.??.??"]
[Round "4"]
[White "Southam, Todd"]
[Black "Avshalumov, Alex"]
[Result "1/2-1/2"]
[WhiteElo "2335"]
[BlackElo "2450"]
[PlyCount "92"]
[EventDate "1990.06.??"]
[EventType "swiss"]
[EventRounds "9"]
[EventCountry "LUX"]
[SourceTitle "EXT 1997"]
[Source "ChessBase"]
[SourceDate "1996.11.15"]
[SourceVersion "1"]
[SourceVersionDate "1996.11.15"]
[SourceQuality "1"]

1. d4 f5 2. Nf3 Nf6 3. g3 g6 4. Bg2 Bg7 5. 0-0 d6 6. b3 0-0 7. Bb2 Ne4 8. Nfd2 d5 9. c4 e6 10. f3 Nxd2 11. Nxd2 c5 12. cxd5 Qxd5 13. f4 Bxd4+ 14. Bxd4 Qxd4+ 15. Kh1 Nc6 16. Nc4 Rb8 17. e3 Qxd1 18. Rfxd1 b5 19. Nd6 Nb4 20. Rac1 Nxa2 21. Rxc5 Rd8 22. Rd4 b4 23. Rc7 a5 24. Nxf5 Rxd4 25. Nxd4 Ba6 26. Ra7 Rb6 27. Bh3 Bb7+ 28. Bg2 Ba6 29. Bh3 Bb7+ 30. Kg1 Bd5 31. Rxa5 Nc1 32. Rc5 Nxb3 33. Rxd5 exd5 34. Nxb3 Kf7 35. Bg2 Ke6 36. Kf2 Kd6 37. e4 dxe4 38. Bxe4 Ra6 39. Ke3 Ra2 40. h4 Rh2 41. f5 gxf5 42. Bxf5 h6 43. Kd4 Ke7 44. Kc4 Kf6 45. Nd4 Rf2 46. Kxb4 Rxf5 1/2-1/2

[Event "Warsaw op"]
[Site "Warsaw"]
[Date "1989.??.??"]
[Round "?"]
[White "Avshalumov, Alex"]
[Black "Dautov, Rustem"]
[Result "1-0"]
[WhiteElo "2415"]
[BlackElo "2535"]
[PlyCount "81"]
[EventDate "1989.04.??"]
[EventType "swiss"]
[EventRounds "9"]
[EventCountry "POL"]
[SourceTitle "EXT 1997"]
[Source "ChessBase"]
[SourceDate "1996.11.15"]
[SourceVersion "1"]
[SourceVersionDate "1996.11.15"]
[SourceQuality "1"]

1. d4 Nf6 2. c4 e6 3. Nc3 Bb4 4. Qc2 0-0 5. Bg5 c5 6. e3 h6 7. Bh4 cxd4 8. exd4 Nc6 9. Rd1 d5 10. Nf3 Be7 11. a3 dxc4 12. Bxc4 Nd5 13. Bxe7 Ncxe7 14. 0-0 b6 15. Ba2 Bb7 16. Bb1 Nf5 17. Ne4 Rc8 18. Qd2 Qe7 19. Rfe1 Nd6 20. Ne5 Rfd8 21. Nxd6 Rxd6 22. Qd3 Nf6 23. h3 Rcd8 24. Qe3 Ba8 25. Bd3 Qb7 26. Bf1 b5 27. Rc1 Qb6 28. Rc5 a6 29. Rd1 Qxc5 30. dxc5 Rxd1 31. c6 Rb1 32. Qa7 Rf8 33. Qxa6 Ne4 34. c7 Rc1 35. Nc4 bxc4 36. c8Q Rxc8 37. Qxc8+ Kh7 38. Qxa8 Nd2 39. Qa5 Nxf1 40. g4 Rb1 41. Kg2 1-0

[Event "Belgrade op"]
[Site "Belgrade"]
[Date "1989.??.??"]
[Round "7"]
[White "Avshalumov, Alex"]
[Black "Paunovic, Dragan"]
[Result "1/2-1/2"]
[WhiteElo "2435"]
[BlackElo "2455"]
[PlyCount "139"]
[EventDate "1989.11.??"]
[EventType "swiss"]
[EventRounds "9"]
[EventCountry "YUG"]
[SourceTitle "EXT 1997"]
[Source "ChessBase"]
[SourceDate "1996.11.15"]
[SourceVersion "1"]
[SourceVersionDate "1996.11.15"]
[SourceQuality "1"]

1. d4 Nf6 2. c4 g6 3. Nc3 Bg7 4. Nf3 0-0 5. g3 d5 6. cxd5 Nxd5 7. Bg2 Nb6 8. 0-0 Nc6 9. Bf4 Be6 10. Rc1 Nd5 11. e3 h6 12. h4 Rc8 13. Ne4 Nxf4 14. gxf4 Bd5 15. Nc5 b6 16. Na6 e6 17. Qe2 Nb8 18. Nxb8 Rxb8 19. b4 Qd6 20. b5 c5 21. bxc6 Bxc6 22. h5 gxh5 23. Ne5 Bxg2 24. Kxg2 Bxe5 25. fxe5 Qe7 26. Qxh5 Kh7 27. Rh1 Rg8+ 28. Kf1 Rg6 29. Qf3 Rbg8 30. Qe4 Qa3 31. Qc2 Qa6+ 32. Qc4 b5 33. Qc2 b4+ 34. Qc4 Qa3 35. Ke2 a5 36. Qb3 Qxb3 37. axb3 Ra8 38. Rc7 Kg8 39. Ra1 h5 40. Rc5 h4 41. Rh1 Rh6 42. Rh3 a4 43. bxa4 Rxa4 44. Kd3 Ra2 45. f4 Kg7 46. Rb5 Rb2 47. Rb7 Kg6 48. Ke4 b3 49. d5 exd5+ 50. Kxd5 Rd2+ 51. Ke4 b2 52. Rh1 Kg7 53. f5 Rc2 54. Rg1+ Kf8 55. f6 Rc8 56. Rg7 h3 57. Rgxf7+ Kg8 58. Rg7+ Kf8 59. Rgf7+ Kg8 60. Rg7+ Kf8 61. Kd4 Rh4+ 62. Kd3 Rh6 63. Kd2 b1Q 64. Rxb1 h2 65. Rh1 Re8 66. Rg5 Kf7 67. Ke2 Ke6 68. Kf2 Reh8 69. Rd1 Rxf6+ 70. exf6 1/2-1/2

[Event "Belgrade op"]
[Site "Belgrade"]
[Date "1989.??.??"]
[Round "6"]
[White "Magerramov, Elmar S"]
[Black "Avshalumov, Alex"]
[Result "1/2-1/2"]
[WhiteElo "2470"]
[BlackElo "2435"]
[PlyCount "22"]
[EventDate "1989.11.??"]
[EventType "swiss"]
[EventRounds "9"]
[EventCountry "YUG"]
[SourceTitle "EXT 1997"]
[Source "ChessBase"]
[SourceDate "1996.11.15"]
[SourceVersion "1"]
[SourceVersionDate "1996.11.15"]
[SourceQuality "1"]

1. d4 f5 2. g3 Nf6 3. Bg2 d6 4. Nf3 g6 5. b3 Bg7 6. Bb2 0-0 7. 0-0 c6 8. Nbd2 Na6 9. e3 Nc7 10. Qe2 Ne4 11. Rad1 Qe8 1/2-1/2

[Event "URS-ch otbor56"]
[Site "Blagoveshchensk"]
[Date "1988.??.??"]
[Round "?"]
[White "Avshalumov, Alex"]
[Black "Anastasian, Ashot"]
[Result "0-1"]
[WhiteElo "2420"]
[BlackElo "2445"]
[PlyCount "128"]
[EventDate "1988.08.??"]
[EventType "swiss"]
[EventRounds "9"]
[EventCountry "URS"]
[SourceTitle "TD"]
[Source "ChessBase"]
[SourceDate "1994.03.01"]
[SourceVersion "1"]
[SourceVersionDate "1994.03.01"]
[SourceQuality "1"]

1. d4 Nf6 2. c4 e6 3. Nc3 Bb4 4. e3 0-0 5. Bd3 Bxc3+ 6. bxc3 b6 7. f4 Bb7 8. Qc2 d5 9. Nf3 dxc4 10. Bxc4 Nbd7 11. 0-0 c5 12. Bd3 Rc8 13. Qb1 cxd4 14. cxd4 Nb8 15. e4 h6 16. Bd2 Ba6 17. e5 Bxd3 18. Qxd3 Nd5 19. f5 exf5 20. Qxf5 Qd7 21. Qe4 Nc6 22. Nh4 Nce7 23. Rf3 f5 24. exf6 Rxf6 25. Re1 Rcc6 26. Rxf6 Rxf6 27. h3 Qa4 28. Re2 a5 29. Nf3 b5 30. Ne5 b4 31. Ng4 Rb6 32. Bf4 Nxf4 33. Qxf4 Qd1+ 34. Kf2 Ng6 35. Qe3 a4 36. d5 Rd6 37. Rd2 Qc1 38. Qd4 h5 39. Ne3 h4 40. Rd1 Qc7 41. Qxb4 Qe7 42. Qd2 Nf4 43. Nf5 Nxh3+ 44. gxh3 Rf6 45. Qg5 Qf8 46. Qxh4 Rxf5+ 47. Kg2 Qa3 48. Rd2 Qc1 49. Qd8+ Kh7 50. Qh4+ Kg8 51. Qd8+ Rf8 52. Qg5 Rf1 53. Qe3 Re1 54. Qf2 Rg1+ 55. Kh2 Rh1+ 56. Kg3 Qc3+ 57. Kf4 Qf6+ 58. Ke4 Qg6+ 59. Kd4 Rxh3 60. Kc5 Rc3+ 61. Kb4 Rc8 62. d6 Qb1+ 63. Rb2 Qe4+ 64. Ka5 Qa8+ 0-1

[Event "Baku"]
[Site "Baku"]
[Date "1988.??.??"]
[Round "?"]
[White "Avshalumov, Alex"]
[Black "Magerramov, Elmar S"]
[Result "0-1"]
[WhiteElo "2420"]
[BlackElo "2430"]
[PlyCount "82"]
[EventDate "1988.10.??"]
[EventType "tourn"]
[EventRounds "11"]
[EventCountry "URS"]
[EventCategory "8"]
[SourceTitle "CBM 010"]
[Source "ChessBase"]
[SourceDate "1989.06.01"]
[SourceVersion "1"]
[SourceVersionDate "1989.06.01"]
[SourceQuality "1"]

1. d4 Nf6 2. c4 e6 3. Nc3 Bb4 4. Bd2 0-0 5. a3 Bxc3 6. Bxc3 Ne4 7. Qc2 f5 8. g3 b6 9. Bg2 Bb7 10. Nf3 d6 11. Nd2 d5 12. b4 dxc4 13. Nxc4 Nc6 14. Rd1 b5 15. Nd2 Nxd2 16. Qxd2 Na5 17. Bxb7 Nxb7 18. d5 Nd6 19. dxe6 Qe7 20. Qd4 Rae8 21. 0-0 Rf6 22. Qxa7 Rxe6 23. e3 Ne4 24. Bd4 Qf7 25. Rc1 R6e7 26. Qa6 Nd2 27. Qxb5 f4 28. Rfd1 Nf3+ 29. Kg2 fxg3 30. hxg3 Rf8 31. Rc2 Re6 32. Qd5 c6 33. Qc4 Kh8 34. Bc5 Ne1+ 35. Kg1 Qf3 36. Rxe1 Rh6 37. Qh4 Rxh4 38. gxh4 Rf6 39. h5 Rf5 40. Bd6 Rxh5 41. Bh2 Rxh2 0-1